<?xml version="1.0" encoding="UTF-8"?>
<collection xmlns="http://www.loc.gov/MARC21/slim">
  <record>
    <leader>00000nam  2200000   4500</leader>
    <controlfield tag="001">INLIS000000000000368</controlfield>
    <controlfield tag="005">20190409110614</controlfield>
    <datafield tag="035" ind1="#" ind2="#">
      <subfield code="a">0010-0718000368</subfield>
    </datafield>
    <controlfield tag="008">190409################g##########0#ind##</controlfield>
    <datafield tag="020" ind1="#" ind2="#">
      <subfield code="a">9799627109</subfield>
    </datafield>
    <datafield tag="041" ind1=" " ind2=" ">
      <subfield code="a">id</subfield>
    </datafield>
    <datafield tag="082" ind1="#" ind2="#">
      <subfield code="a">152.4</subfield>
    </datafield>
    <datafield tag="090" ind1=" " ind2=" ">
      <subfield code="a">152.4 Agu r</subfield>
    </datafield>
    <datafield tag="100" ind1=" " ind2="#">
      <subfield code="a">Agustian Ary Ginanjar</subfield>
    </datafield>
    <datafield tag="245" ind1="1" ind2="#">
      <subfield code="a">Rahasia sukses membangun kecerdasan emosi dan spiritual ESQ : The ESQ way 165 1 ihsan, 6 rukun Iman dan 5 rukun Islam /</subfield>
      <subfield code="c">Ary Ginanjar Agustian</subfield>
    </datafield>
    <datafield tag="250" ind1="#" ind2="#">
      <subfield code="a">Cet.41</subfield>
    </datafield>
    <datafield tag="260" ind1="#" ind2="#">
      <subfield code="a">Jakarta :</subfield>
      <subfield code="b">Arga Wijaya Persada,</subfield>
      <subfield code="c">2001</subfield>
    </datafield>
    <datafield tag="650" ind1=" " ind2="#">
      <subfield code="a">Psikologi - Emosi</subfield>
    </datafield>
    <datafield tag="084" ind1="#" ind2="#">
      <subfield code="a">152.4 Agu r</subfield>
    </datafield>
    <datafield tag="300" ind1="#" ind2="#">
      <subfield code="a">xxvi, 436 hlm :</subfield>
      <subfield code="b">ilus ;</subfield>
      <subfield code="c">23 cm</subfield>
    </datafield>
    <datafield tag="505" ind1="#" ind2="#">
      <subfield code="a">jarang sekali, kalau tidak dikatakan tidak pernah-Rukun Iman, Rukun Islam dan Ihsan itu dipandang sebagai metode pendidikan, kemasyarakatan, ekonomi, program kehidupan dan lain-lain. Akibatnya, Rukun Iman, Rukun Islam dan Ihsan seakan-akan dibelenggu oleh wilayah yang sempit dan tidak dapat beroperasi membangun umatnya ke daerah-daerah yang lebih luas, seluas penciptaan-Nya. (Allah SWT). Penulis buku ini dengan pandangan yang tajam dan semangatnya yang bersih serta mendalam, ingin berkhidmat kepada umat manusia dengan mengungkapkan Rukun Iman, Rukun Islam dan Ihsa-selain diwilayah ibadah yang khas-juga didaerah yang lebih luas seperti diwilayah bisnis, perindustrian,pergaulan dan usaha-usaha kemajuan manusia yang lain, dengan analisanya bahwa Rukun Iman yang enam adalah prinsip berfikir yang sangat cemerlang dari Allah, Sedangkan Rukun Islam merupakan langkah dan gerak manusia menuju kesuksesan dan keberhasilan dalam usaha mencapai cita-cita.</subfield>
    </datafield>
    <datafield tag="856" ind1="#" ind2="#">
      <subfield code="a">Perpustakaan Lembaga Administrasi Negara</subfield>
    </datafield>
    <datafield tag="990" ind1="#" ind2="#">
      <subfield code="a">110513478</subfield>
    </datafield>
    <datafield tag="990" ind1="#" ind2="#">
      <subfield code="a">150117396</subfield>
    </datafield>
    <datafield tag="990" ind1="#" ind2="#">
      <subfield code="a">02127321</subfield>
    </datafield>
    <datafield tag="990" ind1="#" ind2="#">
      <subfield code="a">14117012</subfield>
    </datafield>
    <datafield tag="990" ind1="#" ind2="#">
      <subfield code="a">110513478</subfield>
    </datafield>
    <datafield tag="990" ind1="#" ind2="#">
      <subfield code="a">110513478</subfield>
    </datafield>
    <datafield tag="990" ind1="#" ind2="#">
      <subfield code="a">150117396</subfield>
    </datafield>
    <datafield tag="990" ind1="#" ind2="#">
      <subfield code="a">02127321</subfield>
    </datafield>
    <datafield tag="990" ind1="#" ind2="#">
      <subfield code="a">02127321</subfield>
    </datafield>
    <datafield tag="990" ind1="#" ind2="#">
      <subfield code="a">190117396</subfield>
    </datafield>
    <datafield tag="990" ind1="#" ind2="#">
      <subfield code="a">14117012</subfield>
    </datafield>
  </record>
</collection>
